000 00420cam a22001457a 4500
008 180718b1976 xxu||||| |||| 00| 0 eng d
082 _aDx54 M322
100 _aMaprayil, Cyriac
245 _aNehru and the Commonwealth
_cby Cyriac Maprayil
260 _aNew Delhi
_bRadiant
_c1976
300 _a109p.
650 _aCommonwealth countries
650 _aIndia --Foreign relations
650 _aNehru, Jawaharlal, 1889-1964
999 _c349959
_d349959